| 000 | 00815nam a22002177a 4500 | ||
|---|---|---|---|
| 005 | 20250613151314.0 | ||
| 008 | 250613b |||||||| |||| 00| 0 eng d | ||
| 037 | _cTB | ||
| 040 |
_aCRL _cCRL |
||
| 041 |
_2pun _apun |
||
| 084 |
_aO153,1NSIx R1 _qCRL |
||
| 100 |
_aਸਿੰਘ, ਸੋਢੀ ਕੁਲਦੀਪ _9812850 |
||
| 245 | _aਨਿਕੇ ਸਰਦਾਰ | ||
| 260 |
_aਪਟਿਆਲਾ, ਭਾਰਤ: _bਸੰਗਮ ਪਬਲਿਸ਼ਰ, _c2021. |
||
| 300 | _a111 ਪ. | ||
| 365 |
_b100.00 _cINR |
||
| 650 | _aਪੰਜਾਬੀ ਸਾਹਿਤ | ||
| 650 | _aਪੰਜਾਬੀ ਕਾਵਿ | ||
| 942 |
_2CC _cTB _hO153,1NSIx R1 _n0 |
||
| 999 |
_c1431719 _d1431719 |
||